000 00347nam a2200145 4500
999 _c9432
_d9432
003 OSt
005 20210420121825.0
008 210420b ||||| |||| 00| 0 eng d
020 _a9780486261454
082 _a720
_bRUS
100 _aRuskin john
245 _aThe seven lamps of architecture
260 _aNew York
_bDover publications
942 _2ddc